书目信息 |
| 题名: |
POP广告设计
|
|
| 作者: | 江涛 著 | |
| 分册: | ||
| 出版信息: | 武汉 湖北美术出版社 2002.03 |
|
| 页数: | 160页 | |
| 开本: | 20cm | |
| 丛书名: | ||
| 单 册: | ||
| 中图分类: | J524.3 | |
| 科图分类: | ||
| 主题词: | 工艺美术--中国 | |
| 电子资源: | ||
| ISBN: | 7-5394-1230-5 | |
| 000 | 00607nam0 2200205 450 | |
| 001 | 0332209668 | |
| 005 | 20031218085649.40 | |
| 010 | @a7-5394-1230-5@dCNY28.00 | |
| 100 | @a20031218d2002 km y0chiy0120 ea | |
| 101 | 0 | @achi |
| 102 | @aCN@b420000 | |
| 200 | 1 | @aPOP广告设计@d=POINT OF PURCHASE ADVERTISING@APOP guang gao she ji@f江涛著@Fjiang tao zhu |
| 210 | @a武汉@c湖北美术出版社@d2002.03 | |
| 215 | @a160页@d20cm | |
| 510 | @a=POINT OF PURCHASE ADVERTISING | |
| 606 | 0 | @a工艺美术@x中国 |
| 690 | @aJ524.3@v4 | |
| 701 | 0 | @a江涛@Ajiang tao@4著 |
| 801 | 0 | @aCN@bPFT@c20031218 |
| 905 | @aBZT@dJ524.3@e1@f10 | |
| POP广告设计=POINT OF PURCHASE ADVERTISING/江涛著.-武汉:湖北美术出版社,2002.03 |
| 160页;20cm |
| ←并列题名:=POINT OF PURCHASE ADVERTISING |
| ISBN 7-5394-1230-5:CNY28.00 |
| ● |
| 相关链接 |
|
|
|
正题名:POP广告设计
索取号:J524.3/1
 
预约/预借
| 序号 | 登录号 | 条形码 | 馆藏地/架位号 | 状态 | 备注 |
| 1 | 0348437 | 201350019 | 样本书库/样002架B面2层2列/ [索取号:J524.3/1] | 在馆 | |
| 2 | 0348438 | 201350000 | 中心书库中库/ 中库019架B面4列3层18/ [索取号:J524.3/1] | 在馆 | |
| 3 | 0348439 | 201350037 | 中心书库中库/ 中库019架B面4列3层20/ [索取号:J524.3/1] | 在馆 | |
| 4 | 0348440 | 201350028 | 中心书库中库/ 中库019架B面4列3层22/ [索取号:J524.3/1] | 在馆 | |
| 5 | 0348441 | 201349923 | 中心书库中库/ 中库019架B面4列3层24/ [索取号:J524.3/1] | 在馆 | |
| 6 | 0348442 | 201349950 | 中心书库中库/ 中库019架B面4列3层23/ [索取号:J524.3/1] | 在馆 | |
| 7 | 0348443 | 201349969 | 中心书库中库/ 中库019架B面4列3层25/ [索取号:J524.3/1] | 在馆 | |
| 8 | 0348444 | 201349978 | 中心书库中库/ 中库020架A面1列4层21/ [索取号:J524.3/1] | 在馆 | |
| 9 | 0348445 | 201349941 | 中心书库中库/ 中库019架B面4列3层21/ [索取号:J524.3/1] | 在馆 | |
| 10 | 0348446 | 201349932 | 中心书库中库/ 中库019架B面4列3层19/ [索取号:J524.3/1] | 在馆 |